| 000 | 01172nam0a22003011 4500 | ||
|---|---|---|---|
| 001 | rc\4309392 | ||
| 005 | 20250612044158.0 | ||
| 021 |
_aRU _b[58-51779] |
||
| 035 | _a(NLR Aleph) 008507289 | ||
| 090 |
_a8146797 _c8146797 |
||
| 100 | _a20130416d1958 |||y0rusy50 ca | ||
| 101 | 0 | _arus | |
| 102 | _aRU | ||
| 105 | _aa z ||||| | ||
| 200 | 1 | _aФрезерование фасонных выемок и надписей на полуавтоматах | |
| 210 |
_aМосква _cОборонгиз _d1958 |
||
| 215 |
_a140 с., 3 л. номогр. _cил. _d23 |
||
| 300 | _aНа корешке загл.: Фрезерование на полуавтоматах | ||
| 516 | 0 | _aФрезерование на полуавтоматах | |
| 606 |
_aЧасовые механизмы _xДетали _xФрезерование _2psbo |
||
| 606 |
_aФрезерные станки-полуавтоматы _2psbo |
||
| 700 | 1 |
_aВирабов _bР.В. _gРубен Вагаршакович |
|
| 701 | 1 |
_aЧучин _bЕ.Ф. _gЕвгений Федорович |
|
| 801 | 0 |
_aRU _bNLR _gpsbo |
|
| 801 | 1 |
_aRU _bELAR _2rusmarc |
|
| 852 |
_aNLR _j58-5/3636 |
||
| 942 | _cBOOK | ||
| 980 | _aNB | ||